| 000 | 01192nam a2200385 a 4500 | ||
|---|---|---|---|
| 001 | 21466 | ||
| 003 | VRT | ||
| 005 | 20260302130500.0 | ||
| 008 | 120625s2012 xr a 000 0 slo c | ||
| 020 | _a9788025220993 (viaz.) | ||
| 039 | 9 |
_a201812131052 _bmtotk19 _c201409241520 _dmbpksh02 _c201309110921 _dmttkjf04 _c201206251051 _dmvthk05 |
|
| 040 |
_aVTHK _bslo _cVTHK _eAACR2 |
||
| 041 | 1 |
_aslo _heng |
|
| 044 |
_axr _cCZ |
||
| 072 | 7 |
_a821-93 _xLiteratúra pre deti a mládež (beletria) _2konspekt |
|
| 080 |
_a821-93 _22001 |
||
| 240 | 1 | 0 |
_aBarbie in a mermaid tale 2 _lSlovensky |
| 245 | 1 |
_aBarbie _bpríbeh morskej panny 2 _c[preložila Irena Novotná] |
|
| 246 | 3 | 0 | _aPríbeh morskej panny 2 |
| 250 | _a1. vyd. | ||
| 260 |
_aPraha _bEgmont ČR _c2012 |
||
| 300 |
_a[27 s.] _bfareb. ilustr. _c25 cm |
||
| 490 | 1 | _aBarbie | |
| 500 | _aPreklad z angličtiny | ||
| 655 | 7 |
_apublikácie pre deti _2SNKPH |
|
| 700 | 1 |
_aNovotná, Irena _4trl |
|
| 830 | 0 | _aBarbie | |
| 910 | _avthk | ||
| 910 | _attkjf | ||
| 910 | _abpksh | ||
| 910 | _atotk | ||
| 942 |
_2ddc _cKLDE _n0 |
||
| 949 |
_63869A11549 _abpksh821-93 _bbpksh64967 |
||
| 999 |
_c21466 _d21466 |
||